Top 10 des jeux vidéos qui ont offert le plus de prize money. - Statistiques

Statistiques générales
  • Ce quiz a été pris 52 fois
  • Le résultat moyen est 5 sur 10
Statistiques - réponses
Prize money (en millions de dollars) Réponse % Correct
94,5 League of Legends
96%
139,3 Fortnite
93%
54,5 Arena of Valor
56%
138,7 Counter-Strike: Global Offensive
51%
290,2 DOTA 2
49%
34,3 Overwatch
40%
46,8 PUBG
29%
37,6 StarCraft II
22%
28,6 Hearthstone
11%
55,1 PUBG Mobile
4%
Aucun quiz correspondant
Distribution des résultats
% des personnes avec chaque résultat
Percentile par nombre de réponses
Votre historique - résultats
Vous n’avez pas pris ce quiz